000 nam a22 7a 4500
999 _c10462
_d10462
008 180217b ||||| |||| 00| 0 eng d
100 _aKumar, P
_9437
245 _aLearnwell Computer -II
260 _aNew Delhi
_bHoly faith Publication
_c2012